00482nam a22001697a 450000500170000001000130001702000220003003500130005203700090006508200100007410000180008424500450010226000410014727000390018830000350022750000500026220210726170755.0 aB-740644 a8123722435c70.00 aB-740644 bGift04a664.5 aPruthi, J. S. aSpices and condiments /cby J. S. Pruthi aNew DelhibNational Book Trustc2006 aA-5, Green ParkbNew Delhie110016 axviii, 322p.:bill.c21cm(pbk) aincludes bibliographical references and index